Born in Lexington/Kentucky - Statistics

General Stats
  • This quiz has been taken 31 times
  • The average score is 3 of 8
Answer Stats
Hint Answer % Correct
First Lady of the United States from 1861 until the assassination of her husband in 1865 1818 Mary Todd Lincoln
93%
Actor and director, "Ocean's Eleven" "Batman & Robin" "Gravity" "From Dusk till Dawn" 1961 George Clooney
40%
Singer and member of the Backstreet Boys 1971 Kevin Richardson
40%
Singer and member of the Backstreet Boys 1975 Brian Littrell
27%
Youngest-ever vice president who served from 1857 to 1861 1821 John C. Breckinridge
27%
Comic book writer, screenwriter and co-creator of "The Walking Dead" 1978 Robert Kirkman
27%
Track and field sprinter, his 100 m personal best is the American record 1982 Tyson Gay
27%
Actor, "Man of Steel" "Revolutionary Road" "The Shape of Water" "Knives Out" 1974 Michael Shannon
20%
No matching quizzes found
Score Distribution
Percent of People with Each Score
Percentile by Number Answered
Your Score History
You have not taken this quiz